Zwycięzcy Wyborów Parlamentarnych w historii Polski - Statystyki

Ogólne statystyki
  • Ten quiz został rozwiązany 117 razy
  • Średni wynik to 10 z 10
Statystyki odpowiedzi
Zwycięzca Data Zwycięstwa % Poprawnych
Sojusz Lewicy Demokratycznej- Polskie Stronnictwo Ludowe 1993
100%
Akcja Wyborcza Solidarność 1997
100%
Sojusz Lewicy Demokratycznej- Unia Pracy 2001
100%
Prawo i Sprawiedliwość- Liga Polskich Rodzin- Samoobrona 2005
100%
Platforma Obywatelska- Polskie Stronnictwo Ludowe 2007
100%
Platforma Obywatelska- Polskie Stronnictwo Ludowe 2011
100%
Prawo i Sprawiedliwość- Polska Razem- Solidarna Polska 2015
100%
Prawo i Sprawiedliwość- Porozumienie- Solidarna Polska 2019
100%
Unia Demokratyczna 1991
99%
Polska Zjednoczona Partia Robotnicza 1989
95%
Nie znaleziono quizów pasujących do podanych kryteriów
Rozkład punktacji
Procent ludzi z każdym wynikiem
Percentyl według liczby udzielonych odpowiedzi
Twoja historia wyników
Nie rozwiązałeś tego quizu